书目信息 |
| 题名: |
中国老年手册
|
|
| 作者: | 卢祥之 主编 | |
| 分册: | ||
| 出版信息: | 重庆 重庆出版社 2008.07 |
|
| 页数: | 530页 | |
| 开本: | 21cm | |
| 丛书名: | ||
| 单 册: | ||
| 中图分类: | Z228.3 | |
| 科图分类: | ||
| 主题词: | 老年人--lao nian ren--生活--知识 | |
| 电子资源: | ||
| ISBN: | 978-7-5366-9866-6 | |
| 000 | 00809nam0 2200241 450 | |
| 001 | 012008546906 | |
| 005 | 20080902102735.14 | |
| 010 | @a978-7-5366-9866-6@dCNY48.00 | |
| 100 | @a20080902d2008 em y0chiy0120 ea | |
| 101 | 0 | @achi |
| 102 | @aCN@b500000 | |
| 105 | @ay z 000yy | |
| 106 | @ar | |
| 200 | 1 | @a中国老年手册@Azhong guo lao nian shou ce@f卢祥之主编@Flu xiang zhi zhu bian |
| 210 | @a重庆@c重庆出版社@d2008.07 | |
| 215 | @a530页@d21cm | |
| 300 | @a最新版老年人必备 | |
| 330 | @a本书内容包括老年人口的老龄社会,老年遗产与继承,老年健康生活方式,老年人心理和性保健,老年病预防和治疗,老年病人的饮食和食谱等。 | |
| 606 | 0 | @a老年人@Alao nian ren@x生活@x知识 |
| 690 | @aZ228.3@v4 | |
| 701 | 0 | @a卢祥之@Alu xiang zhi@4主编 |
| 801 | 0 | @aCN@bQSSK@c20080902 |
| 905 | @b735051-53@dZ228.3@eL794@f3 | |
| 中国老年手册/卢祥之主编.-重庆:重庆出版社,2008.07 |
| 530页;21cm |
| 最新版老年人必备 |
| ISBN 978-7-5366-9866-6:CNY48.00 |
| 本书内容包括老年人口的老龄社会,老年遗产与继承,老年健康生活方式,老年人心理和性保健,老年病预防和治疗,老年病人的饮食和食谱等。 |
| ● |
| 相关链接 |
|
|
|
正题名:中国老年手册
索取号:Z228.3/L794
 
预约/预借
| 序号 | 登录号 | 条形码 | 馆藏地/架位号 | 状态 | 备注 |
| 1 | 735051 | 207350515 | 自科库501/501自科库 129排2列1层/ [索取号:Z228.3/L794] | 在馆 | |
| 2 | 735052 | 207350524 | 自科库501/501自科库 129排2列1层/ [索取号:Z228.3/L794] | 在馆 | |
| 3 | 735053 | 207350533 | 期刊室512/501自科库 129排2列1层/ [索取号:Z228.3/L794] | 在馆 |